Bayern Munich’s Journey to UCL Victory 2019/20 - Statistics

General Stats
  • This quiz has been taken 18 times
  • The average score is 9 of 11
Answer Stats
Hint Answer % Correct
Bayern Munich v Olympiacos Matchday 4/6 Win 2-0
94%
Bayern Munich v Crvena zvezda Matchday 1/6 Win 3-0
94%
Bayern Munich v Tottenham Matchday 6/6 Win 3-1
94%
Bayern Munich v PSG Final Win 0-1
82%
Bayern Munich v Chelsea RO16 1st Leg Win 0-3
82%
Bayern Munich v Lyon Semi Final Win 0-3
82%
Bayern Munich v Chelsea RO16 2nd Leg Win 4-1
82%
Bayern Munich v Crvena zvezda Matchday 5/6 Win 0-6
71%
Bayern Munich v FC Barcelona Quarter Final Win 2-8
71%
Bayern Munich v Olympiacos Matchday 3/6 Win 2-3
65%
Bayern Munich v Tottenham Matchday 2/6 Win 2-7
65%
No matching quizzes found
Score Distribution
Percent of People with Each Score
Percentile by Number Answered
Your Score History
You have not taken this quiz